| 000 | 00730nam a22001937a 4500 | ||
|---|---|---|---|
| 005 | 20100728121516.0 | ||
| 010 | _aENG- 96988 | ||
| 020 |
_a9788123756073 _c65.00 |
||
| 035 | _aEN- 80522 | ||
| 037 | _bDBAD/PUB | ||
| 082 | _a954.035 | ||
| 100 |
_aJain , Ajit Prasad _93122 |
||
| 245 |
_aRafi Ahmad Kidwai : _ba memoir of his life and times / _cby Ajit Prasad Jain |
||
| 260 |
_aNew Delhi _bNational Book Trust _c2009 |
||
| 270 |
_aNehru Bhawan, 5 Institutional Area, Phase -2 _bNew Delhi _e110070 |
||
| 300 |
_axii,158p. _c22 cm (pbk) |
||
| 942 |
_2ddc _cEN _h954.035 _mJAI |
||
| 999 |
_c38052 _d38052 |
||